Geography Quiz #4 - Statistics

General Stats
  • This quiz has been taken 56 times
  • The average score is 12 of 20
Answer Stats
Hint Answer % Correct
Which country has the longest coastline? Canada
84%
What is the capital city of Uruguay? Montevideo
80%
What continent is the only one to span all four hemispheres? Africa
78%
What planet is closest to Earth? Venus
73%
What is the most southerly capital city? Wellington
71%
Peking Duck is the national dish of what country? China
69%
What is the largest island in The Mediterranean? Sicily
69%
Which capital city is known as 'the capital of Europe'? Brussels
67%
How many stars are on the Australian flag? 6
64%
What is the coldest place on Earth? Antarctica
64%
What is the name of the largest city in Australia? Melbourne
64%
In which country is the Leaning Tower of Pisa located? Italy
62%
What is the capital of Jamaica? Kingston
62%
What is the capital of Greenland Nuuk
58%
What country ends with the letter Q? Iraq
51%
The White Sea is located next to which country? Russia
49%
what is the largest landlocked country in the world? Kazakhstan
47%
Which country is home to the most volcanos? Indonesia
42%
What is the flattest country on Earth? Maldives
16%
To the nearest thousand, what is the population of Liechtenstein? 40000
13%
No matching quizzes found
Score Distribution
Percent of People with Each Score
Percentile by Number Answered
Your Score History
You have not taken this quiz